Inovácie na trhu s knihami bakalárska práca

Salvato in:
Dettagli Bibliografici
Autore principale: Juhaščíková, Monika
Ente Autore: Obchodná fakulta EU. Katedra tovaroznalectva a kvality tovaru
Altri autori: Knošková, Ľubica, 1965-
Natura: Libro
Lingua:slovacco
Pubblicazione: Bratislava 2015
Tags: Aggiungi Tag
Nessun Tag, puoi essere il primo ad aggiungerne!!

MARC

LEADER 00000nbm a2200000 4500
001 0203266
005 20161212105720.0
041 0 |a slo 
044 |a SK 
245 1 0 |a Inovácie na trhu s knihami  |b bakalárska práca  |c Monika Juhaščíková ; školiteľ: Ľubica Knošková 
264 1 |a Bratislava  |c 2015 
300 |a 54 s. 
100 1 |a Juhaščíková, Monika 
700 1 |a Knošková, Ľubica, 1965- 
710 2 |a Obchodná fakulta EU. Katedra tovaroznalectva a kvality tovaru